| 000 | 00474cam a22001331 4500 | ||
|---|---|---|---|
| 082 |
_a355.00973 _bGRE _cD |
||
| 100 | 1 |
_aGreene, F. V. _949456 |
|
| 245 | 1 | 4 |
_aThe Revolutionary War and the military policy of the United States. _cIntrod. to this reprint ed. by Ralph Adams Brown. |
| 260 |
_aPort Washington, N.Y., _bKennikat Press _c[1967, c1911] |
||
| 300 |
_axxi, 350 p. _bmaps. _c23 cm. |
||
| 526 |
_a0 _b0 _c0 _d355_009730000000000_GRE |
||
| 650 |
_aMCE _9379 |
||
| 942 |
_2ddc _cBK |
||
| 999 |
_c552234 _d552234 |
||